Missing Word: Pulitzer Prize Winning Drama Quiz Stats

 Plays Quiz Updated Dec 14, 2017

Score 0/20 Timer 03:00
0 Plays Today
Drama Missing Word % Correct
A Streetcar _____ DesireNamed
98.1%
_____ Miss DaisyDriving
97.3%
Death of a _____Salesman
94.7%
_____ on a Hot Tin RoofCat
94.6%
Glengarry _____ RossGlen
89%
_____ PacificSouth
85.4%
The Great _____ HopeWhite
84.2%
How I _____ to DriveLearned
83.3%
Long Day's _____ Into NightJourney
75.1%
The _____ of Your LifeTime
74.5%
Drama Missing Word % Correct
_____ TownOur
72.5%
That Championship _____Season
44.7%
A _____ BalanceDelicate
42.8%
The Teahouse of the _____ MoonAugust
42.4%
Lost in _____Yonkers
40.5%
Abe Lincoln in _____Illinois
32.3%
The Shadow _____Box
27.3%
The Subject Was _____Roses
26.6%
_____, MotherNight
19.9%
_____ by the SpoonfulWater
7.7%

Today's Daily Dose

You're not logged in!

Compare scores with friends on all Sporcle quizzes.
OR
Log In

You Might Also Like...

Show Comments

Extras

Top Quizzes Today


Score Distribution

Your Account Isn't Verified!

In order to create a playlist on Sporcle, you need to verify the email address you used during registration. Go to your Sporcle Settings to finish the process.

Report this User

Report this user for behavior that violates our Community Guidelines.

Details: